000 00251nam a2200109Ia 4500
008 190216s9999||||xx |||||||||||||| ||und||
100 _aWheldon H J
245 0 _aCosting Simplified
260 _bSulthan Chand&Sons
_c1947
300 _a155p
942 _cBK
999 _c4668
_d4668